000 002290000a22000970004500
100 1 _aWood, Beulah
245 1 0 _aPoor women resing, growing, changing
300 _aNúm 36 (1992), Páginas 27-28
773 0 _tTogether
942 _cANA
999 _c56333
_d56333